000 02232nam a2200385 a 4500
001 ebr10542613
003 CaPaEBR
006 m o u
007 cr cn|||||||||
008 110812s2012 enka sb 001 0 eng d
010 _z 2011034244
020 _z9781444337471
020 _z9781118276143 (e-book)
040 _aCaPaEBR
_cCaPaEBR
035 _a(OCoLC)781629183
050 1 4 _aRT48.55
_b.J48 2012eb
082 0 4 _a616.02/8
_223
100 1 _aJevon, Philip.
245 1 0 _aMonitoring the critically ill patient
_h[electronic resource] /
_cPhilip Jevon and Beverley Ewens ; consulting editor, Jagtar Singh Pooni.
250 _a3rd ed.
260 _aChichester [England] :
_bWiley-Blackwell,
_c2012.
300 _axi, 359 p. :
_bill.
490 1 _aEssential clinical skills for nurses
504 _aIncludes bibliographical references and index.
505 0 _aRecognition & management of the deteriorating patient -- Assessment of the critically ill patient -- Monitoring respiratory function -- Monitoring cardiovascular function 1 : ECG monitoring -- Monitoring cardiovascular function 2 haemodynamic monitoring -- Monitoring neurological function -- Monitoring renal function -- Monitoring gastrointestinal function -- Monitoring hepatic function -- Monitoring endocrine function -- Monitoring nutritional status -- Monitoring temperature -- Monitoring pain -- Monitoring a patient receiving a blood transfusion -- Monitoring the patient with infection and related systemic inflammatory response -- Monitoring the critically ill, pregnant patient -- Monitoring the critically ill child -- Monitoring during transport -- Record keeping.
533 _aElectronic reproduction.
_bPalo Alto, Calif. :
_cebrary,
_d2015.
_nAvailable via World Wide Web.
_nAccess may be limited to ebrary affiliated libraries.
650 0 _aPatient monitoring.
650 0 _aCritically ill.
655 7 _aElectronic books.
_2local
700 1 _aEwens, Beverley.
700 1 _aPooni, J. S.
_q(Jagtar Singh)
710 2 _aebrary, Inc.
830 0 _aEssential clinical skills for nurses.
856 4 0 _uhttp://site.ebrary.com/lib/rucke/Doc?id=10542613
_zAn electronic book accessible through the World Wide Web; click to view
999 _c246564
_d246564